[Event "EU-ch 4th"]
[Site "Istanbul"]
[Date "2003.06.13"]
[Round "13"]
[White "Istratescu, Andrei"]
[Black "Conquest, Stuart"]
[Result "1-0"]
[WhiteElo "2593"]
[BlackElo "2556"]
[Annotator "Ribli,Z"]
[PlyCount "157"]
[EventDate "2003.05.30"]
[EventType "swiss"]
[EventRounds "13"]
[EventCountry "TUR"]
[SourceTitle "CBM 096"]
[Source "ChessBase"]
[SourceDate "2003.09.25"]
[SourceVersion "1"]
[SourceVersionDate "2003.09.25"]
[SourceQuality "1"]

1. d4 d6 {Der englische Großmeister spielt diese genügsame Eröffnung gern.} 2.
Nf3 Bg4 {Nach meiner Meinung bekommt Weiß bessere Aussichten in diesem System;
der Vorteil für Schwarz besteht nur darin, dass er die theoretische
Haupvarianten vermeiden kann.} 3. c4 Nd7 4. Qb3 Rb8 5. h3 Bxf3 (5... Bh5 6. g4
Bg6 7. Bg2 $14) 6. Qxf3 g6 7. e3 {Weiß muss seinen Bauern d4 (und den Punkt d4)
verstärken, da ihn der Gegner mit Bg7 e5 (oder c5) angreifen kann.} (7. Bd2 Bg7
8. Bc3 Ngf6 9. Nd2 O-O 10. g3 c5 11. Bg2 b5 12. cxb5 Rxb5 13. a4 Rb8 14. dxc5
Nxc5 15. b4 Ne6 16. O-O d5 17. b5 d4 18. Bb4 a6 19. Nb3 axb5 20. a5 $44 {
1-0 Ftacnik,L-Jansa,V/CZE 2002/EXT 2003 (39)}) 7... Bg7 8. Qd1 e5 (8... c5 9.
dxc5 Nxc5 10. Be2 (10. Qc2 Nf6 11. Be2 O-O 12. O-O Qd7 13. Nc3 Rfc8 14. Rd1 a6
15. b4 Nce4 16. Nxe4 Nxe4 17. Bb2 Qf5 18. Bf3 Ng5 19. Qxf5 gxf5 20. Bxg7 Nxf3+
21. gxf3 Kxg7 22. Rac1 Rc6 {0-1 Boguslawsky,M-Sokolov,A/Berlin 1993/EXT 97 (62)
}) 10... Nf6 11. Nc3 O-O 12. O-O a6 13. Qc2 Qd7 14. Bd2 Rfc8 15. b4 Ne6 16. Qb3
Ng5 17. Rad1 b5 18. cxb5 axb5 19. Be1 Nfe4 20. Rd3 Nxc3 21. Bxc3 Bxc3 22. Rxc3
Ne4 23. Rc2 d5 24. Rfc1 e6 25. Qb2 {1/2-1/2 Timoscenko,G-Jansa,V/CZE 1999/EXT
2000 (25)}) 9. d5 {Weiß hat Raumvorteil und das Läuferpaar, aber Schwarz hat
Entwicklungsvorteil und eine feste Stellung.} (9. Be2 exd4 10. exd4 d5 11. O-O
dxc4 12. Bxc4 Ne7 13. Re1 O-O 14. Bg5 Nf6 15. Nc3 Nf5 16. d5 h6 17. Bf4 Nh5 18.
Bh2 Nd6 {1/2-1/2 Sitnik,I-Vaulin,A/Zadar 2000/CBM 79 ext (18)}) 9... f5 10. Nc3
Nh6 (10... e4 11. Nb5 $14 {[%cal Gb5d4,Gd4e6]}) 11. e4 O-O (11... fxe4 12. Nxe4
$14 {[%csl Ge4]}) 12. Bd3 a6 (12... Nc5 13. Be3 $14) 13. Be3 Qh4 {Schwarz hält
die Spannung in der Stellung - Weiß muss nun mit f4 und auch mit fxe4 rechnen.}
(13... f4 14. Bd2 Nc5 15. Bc2 a5 16. a3 $14) 14. Qe2 c5 15. a4 (15. dxc6 bxc6
$13 {[%cal Gb8b2]}) 15... Kh8 {Ein typisches Motiv in solchen Stellungen 
(welches häufig in der Königsindischen Verteidigung anzutreffen ist) - Schwarz
räumt das Feld g8 für den Springer.} (15... a5 16. O-O-O $14 {Weiß hat einen
kleinen, aber dauerhaften Vorteil wegen seines Raumvorteils, aber in der
praktischen Partie ist es schwer diesen Vorteil zu verwerten.}) 16. Bd2 Ng8 {
[%cal Gg7h6,Gh6d2] Schwarz möchte seinen traditionell "schlechten" Läufer auf
h6 tauschen.} 17. g3 Qf6 (17... Qe7 18. exf5 gxf5 19. g4 $14) 18. g4 f4 (18...
fxg4 19. hxg4 g5 {[%cal Gg8e7,Ge7g6,Gg6f4]} 20. Rh5 Bh6 (20... h6 $2 21. Bxg5
$18) 21. Nd1 $16 {[%cal Gd1e3,Ge3f5]}) 19. f3 {Wir haben eine geschlossene
Stellung, in der Weiß Raumvorteil hat, aber die schwarze Stellung ist obwohl
etwa passiv, doch sehr fest.} Qh4+ 20. Kd1 (20. Qf2 $2 Bf6 $11) 20... h6 (20...
Qe7 21. h4 $14) 21. a5 $1 {[%mdl 32] Mit diesem typischen Zug gewinnt Weiß
Raum am Damenflügel und später - nach Vorbereitung - kann er die Stellung mit
b2-b4 öffnen.} Qd8 22. h4 Ngf6 23. Qg2 Rg8 24. b3 (24. g5 Nh5 $14) 24... Bf8
25. Ra3 {[%cal Gf8e7]} Be7 {[%cal Gd8h4]} 26. Be1 {[%cal Ge1h4] Weiß deckt den
h4-Bauern und macht die zweite Reihe für die Dame frei.} Kg7 27. Bf1 {[%cal
Gf1h3,Gh3c8] Der Läufer soll nach h3.} Qc7 28. Qa2 {[%cal Ga2a7] Dieser
prophylikatische Zug verhindert die Befreungsmöglichkeit b7-b6.} Rh8 (28... b6
$2 29. axb6 Qxb6 30. g5 $16) 29. Bh3 Qd8 30. Na4 $1 {[%cal Gb2d3,Ga4b2]
Bereitet das Manöver Nb2-Nd3 vor.} Nh7 31. Bf1 {Weiß muss den h4-Bauern
verteidigen.} Nhf6 32. Nb2 Qc7 33. Nd3 {[%csl Gd3] Der Springer steht
ausgezeichnet auf d3; der Durchbruch b3-b4 kommt so noch stärker.} Rbc8 34. Bc3
{[%cal Gc3h8]} Kf7 35. Qa1 Rh7 36. Ra2 Rch8 37. Rah2 g5 $6 (37... Ke8 $14) 38.
h5 {Jetzt ist alles geschlossen, die einzige Durchbruchsmöglichkeit in der
Stellung ist b3-b4.} Rb8 39. Ra2 Rhh8 40. Be2 Rhc8 41. Ke1 Ne8 42. Bd1 Bf6 43.
Kf2 {Der weiße König muss am Königsflügel stehen.} Qd8 44. Kg2 Kg7 45. Bc2 Rc7
46. Rb1 Rcc8 47. Bd1 {Stufenweise verbessert Weiß seine Stellung.} Qe7 48. Be2
Kh7 49. Ra4 Bg7 50. Qa2 Qd8 51. Be1 Nef6 52. Bf2 {Jetzt stehen alle weißen
Leichtfiguren ausgezeichnet.} Bf8 53. Rb2 Qe8 54. Qb1 Ra8 55. b4 $1 {Endlich
spielt Weiß diesen thematischen Zug.} b5 (55... cxb4 56. Raxb4 $18) 56. cxb5 (
56. axb6 $6 Nxb6 57. Ra1 Nxc4 58. Rba2 $13) 56... axb5 57. Ra3 c4 (57... cxb4
$2 58. Nxb4 $18 {[%cal Gb4c6]}) 58. Ne1 Nb8 {[%cal Gb8a6]} 59. Nc2 Na6 60. Rc3
Kg8 61. Na3 {[%csl Ga3][%cal Ga3b5]} Be7 62. Qf1 {[%cal Gf1a6]} Bd8 {[#]} 63.
Nxb5 $1 {[%mdl 512] Dieses Springeropfer ist schön, aber Weiß hat nichts
anderes. Ohne das Springeropfer konnte er praktisch nichts machen.} Qxb5 64.
Rxc4 {[%cal Gf1a6]} Rxc4 65. Bxc4 $44 {[%csl Ga5,Gb4,Gc4,Gf2] Weiß hat zwei 
(gefährliche) Bauern für die Figur und das Läuferpaar.} Qb7 66. Bb5 {[%cal
Rb5c6,Rc6a8]} Qc8 {[%cal Gf6g4,Gc8g4] Nach diesem Zug möchte Schwarz mit 67...
Ng4 am Königsflügel Gegenchancen finden.} (66... Nb8 67. Ra2 $16 {[%cal Ga5a6,
Ga6a7]}) 67. Qe2 {[%cal Ge2g4]} (67. Bc6 Rb8 68. b5 Nxg4 $132) 67... Nxb4 {
Schwarz gibt die Figur für zwei Bauern zurück. Weiß bekommt nun freie Hand,
aber die Alternativen sind auch nicht rosig für Schwarz.} (67... Nb8 68. Ra2
$16 (68. Rc2 $16)) 68. Rxb4 Bxa5 (68... Rxa5 69. Qc4 Qxc4 70. Bxc4 $16 {
[%cal Gb4b8]}) 69. Rc4 Qf8 70. Qc2 $14 {[%cal Gc2c8] Weiß kontrolliert die
wichtige c-Linie und hat das Läuferpaar. Schwarz hat eine relativ feste
Stellung, aber kein Gegenspiel und früher oder später werden sich seine
Schwächen am Königsflügel zeigen.} Rb8 71. Ba6 {[%cal Ga6c8,Gc8f5,Ge6g8]} Kh8
72. Bc8 {Weiß verbessert seine Läuferstellung.} Bb6 73. Bxb6 (73. Be1 $2 Bd4
$132) 73... Rxb6 74. Be6 {[%csl Ge6][%cal Rc2c8,Rc8h8]} Rb8 75. Rc7 {Das
Eindringen des Turms ist sehr unangenehm für Schwarz.} Qd8 76. Qc6 Ne8 77. Ra7
Nf6 78. Qc7 Qxc7 79. Rxc7 $16 {Es gibt keine sofortige Drohung, aber die
schwarze Stellung is hoffnungslos, so er gab auf.} (79. Rxc7 $16 Rd8 80. Kf2
$22 {[%cal Gf2e2,Ge2d3,Gd3c4,Gc4b5,Gb5c6]} Rb8 81. Rf7 Ne8 (81... Ng8 82. Bf5
$18) (81... Nh7 82. Rd7 Rb6 83. Rd8+ Kg7 84. Rg8+ $18) 82. Bd7 Ng7 83. Rf6 $18)
1-0

[Event "Bermuda-A"]
[Site "Bermuda"]
[Date "1995.??.??"]
[Round "3"]
[White "Lesiege, Alexandre"]
[Black "Norwood, David"]
[Result "1-0"]
[WhiteElo "2460"]
[BlackElo "2545"]
[Annotator "Ribli,Z"]
[PlyCount "43"]
[EventDate "1995.01.??"]
[EventType "tourn"]
[EventRounds "9"]
[EventCountry "BER"]
[EventCategory "10"]
[SourceTitle "CBM 046"]
[Source "ChessBase"]
[SourceDate "1995.06.01"]
[SourceVersion "1"]
[SourceVersionDate "1995.06.01"]
[SourceQuality "1"]

1. d4 {Pein Donev} d6 2. Nf3 Bg4 3. e4 {3.c4!? wurde haeufiger gespielt.} (3.
c4 $5) 3... Nf6 4. Nc3 e6 5. Be2 {Weiss waehlt eine sehr solide Fortsetzung,
aber koennte hier auch die shaerfe 5.h3 Bh5 6.g4 ( ) spielen.} (5. h3 Bh5 6. g4
$13) 5... Be7 6. O-O d5 $6 {Zu frueh.} (6... O-O $1 {Die richtige Antwort.} 7.
Be3 d5 $5 {Jetzt darf Schwarz so spielen.} 8. exd5 exd5 9. Ne5 Bxe2 10. Nxe2
Nbd7 11. Ng3 Bd6 12. Bf4 Re8 $10 {Weiss kann hier kaum auf Eroeffnungsvorteil
hoffen. Andersson,U-Speelman,J EUCup/1991/CBM26/}) 7. Ne5 $1 Bxe2 8. Qxe2 O-O
$6 (8... c6 $142 9. exd5 exd5 10. Re1 O-O 11. Ng4 $14 (11. Ng6 {Donev} hxg6 12.
Qxe7 Nbd7 $10)) (8... c6 $10 {Pein}) 9. Qb5 $1 {Schwarz geraet nun (nach 9
Zuege !) in eine schwere Situation.} dxe4 $6 {Schwarz versucht, im trueben zu
fischen.Natuerlich waere die Lage fuer Schwarz nach 9...b6 nicht mehr rosig.} (
9... b6 10. exd5 exd5 11. Bf4 $14 (11. Nc6 {Donev} Nxc6 12. Qxc6 Qd6 13. Qxd6
Bxd6 14. Nb5 $14)) (9... b6 $10 {Pein}) (9... b6 $10 {Pein}) 10. Qxb7 Qxd4 (
10... Nbd7 {Donev} 11. Nc6 Qe8 12. Nb5 Nd5 13. c4 $16) 11. Bf4 $1 {Dieser
kraftvolle Zug widerlegt das schwarze Spielkonzept.} (11. Qxa8 $2 Qxe5 $44 {
/\ Ng4,Bd6}) 11... Bd6 12. Qxa8 Bxe5 13. Bxe5 {Nach 13.Rad1 kommt Qb6 mit der
Drohung Nbd7.} Qxe5 14. h3 {Gegen Ng4} c5 15. Qb7 $1 (15. Qxa7 $2 Nc6 16. Qa4
Nd4 $13 {Schwarz hat ein kleines Gegenspiel.}) 15... Nd5 16. Rad1 e3 (16...
Nxc3 {Donev} 17. bxc3 e3 (17... Qxc3 18. Qxe4 $16) 18. fxe3 Qxe3+ 19. Kh1 h6
$16 (19... Qxc3 $2 20. Qxf7+ $1 Rxf7 21. Rd8+ Rf8 22. Rfxf8#)) 17. fxe3 Qxe3+ (
17... Nxe3 $2 18. Qxf7+ $1 Rxf7 19. Rd8+ $18 (19. Rd8+ {Pein} Rf8 20. Rfxf8#))
18. Kh1 Nf6 (18... Nxc3 $2 19. Qxf7+ $1 Rxf7 20. Rd8+ (20. Rd8+ {Donev} Rf8 21.
Rdxf8#)) 19. Qc7 {Droht 20.Rd8!} Na6 20. Qe7 h6 (20... Nh5 $2 {Donev} 21. Qxf7+
$18) (20... Ne8 {Donev} 21. Nd5 $1 Qh6 22. Rxf7 $1 $18) 21. Rxf6 $1 {Dieses
nette Opfer verkuerzt die Partie.} (21. Rd3 $5 {Donev} Qg5 22. Rd8 Rxd8 23.
Qxd8+ Kh7 24. Qd3+ Qg6 25. Qxa6 $18) 21... gxf6 22. Rd3 (22. Rd3 Qe5 (22... Qf4
{Donev} 23. Ne4 Rb8 24. Nxf6+ Kh8 25. Rd8+ Rxd8 26. Qxd8+ Kg7 27. Nh5+ $18) (
22... Qg5 23. Ne4 Qc1+ 24. Kh2 Qf4+ 25. Rg3+ $18) (22... Qe1+ {Pein} 23. Kh2
Qe5+ 24. Rg3+ {wins the queen ! wins the queen !}) 23. Ne4 $1 Qxe4 {Was sonst}
(23... Rb8 24. Rg3+ Kh8 25. Qxf7 f5 26. Nf6 $18) 24. Rg3+ Qg6 25. Rxg6+ fxg6
26. Qxe6+ Kg7 27. Qxa6 $18) 1-0

[Event "Gausdal Int"]
[Site "Gausdal"]
[Date "1991.??.??"]
[Round "2"]
[White "Djurhuus, Rune"]
[Black "Steingrimsson, Hedinn"]
[Result "1-0"]
[WhiteElo "2410"]
[BlackElo "2505"]
[Annotator "Ribli,Z"]
[PlyCount "101"]
[EventDate "1991.08.??"]
[EventType "swiss"]
[EventRounds "9"]
[EventCountry "NOR"]
[SourceTitle "CBM 025"]
[Source "ChessBase"]
[SourceDate "1991.12.01"]
[SourceVersion "1"]
[SourceVersionDate "1991.12.01"]
[SourceQuality "1"]

1. Nf3 g6 2. e4 Bg7 3. d4 d6 4. c4 Bg4 5. Be2 Nc6 6. Ng1 (6. Be3 e5 7. d5 Bxf3
8. Bxf3 Nd4 9. Bxd4 (9. Nd2 c5 10. dxc6 bxc6 11. Bxd4 exd4 12. Qa4 Ne7 13. Nb3
O-O 14. c5 dxc5 15. Nxc5 d3 16. Rd1 Bxb2 17. Rxd3 Qc7 18. O-O Rfd8 19. Rfd1 $14
{Siegmund,R-Schneider,B Nettetal 1991 EXP/21}) 9... exd4 10. Na3 Ne7 (10... c5
11. dxc6 bxc6 12. O-O Ne7 13. c5 $1 $14 {Van der Sterren,P-Seret,JL Lyon zt
1990 CBM/18}) 11. O-O c6 12. Rb1 O-O 13. Nc2 c5 14. b4 b6 15. Ne1 f5 $2 (15...
Kh8 $5 {/\ Sg8 Hernandez}) 16. Nd3 fxe4 17. Bxe4 Qd7 18. g3 Rae8 19. a4 Nf5 20.
Bg2 Bh6 21. a5 $14 {Hernandez-Chaviano Cuba 1990 50/(62)}) 6... Bd7 7. Be3 e5
8. d5 (8. Nf3 $5) 8... Nd4 9. Nf3 Nxe2 10. Qxe2 f5 11. Nc3 f4 12. Bd2 g5 13.
O-O-O g4 14. Ne1 Ne7 15. Nd3 Ng6 16. f3 Qg5 17. c5 $1 Qh5 18. Kb1 gxf3 19. gxf3
Nh4 20. cxd6 cxd6 21. Ne1 O-O 22. Rg1 Kh8 23. Rc1 Bf6 24. Nd1 Bd8 25. Bb4 Bb6
26. Nf2 Rf6 27. h3 a6 28. Ng4 $1 Rg6 29. Rh1 Qg5 30. Rc3 h5 31. Nf2 Rag8 32.
Nfd3 Qf6 33. Qc2 Ng2 (33... Rg1 $5) 34. Nxg2 Rxg2 35. Qb3 Rg1+ 36. Rc1 Rxh1 37.
Rxh1 Rg3 38. Be1 Rxf3 39. Qxb6 Rxd3 40. Qxb7 Bxh3 $2 41. Rxh3 Rxh3 42. Qc8+ Kg7
43. Qxh3 Qg6 44. Qd7+ Kh8 45. Qd8+ Kg7 46. Qe7+ Kh8 47. Qf8+ Kh7 48. Qf5 Qxf5
49. exf5 e4 50. Kc2 Kg7 51. Bh4 1-0

[Event "DEN-ch"]
[Site "Denmark"]
[Date "1996.??.??"]
[Round "2"]
[White "Nielsen, Peter Heine"]
[Black "Andreasen, Per Naesby"]
[Result "1-0"]
[WhiteElo "2495"]
[BlackElo "2325"]
[Annotator "Ribli,Z"]
[PlyCount "81"]
[EventDate "1996.??.??"]
[EventType "tourn"]
[EventRounds "9"]
[EventCountry "DEN"]
[EventCategory "9"]
[SourceTitle "CBM 053"]
[Source "ChessBase"]
[SourceDate "1996.08.01"]
[SourceVersion "1"]
[SourceVersionDate "1996.08.01"]
[SourceQuality "1"]

1. d4 {Hecht} g6 2. c4 Bg7 3. Nc3 d6 4. Nf3 Bg4 5. e3 Nc6 6. Be2 e5 7. d5 Nce7
8. e4 h6 {Der Nachziehende will f5 durchsetzen, und dazu sollte er Ng5
verhindern.} (8... Bxf3 9. Bxf3 Bh6 10. Bxh6 Nxh6 11. Qd2 Nhg8 12. O-O h5 13.
Be2 Qd7 14. f4 exf4 15. Qxf4 f6 16. c5 $1 {Maric,A-Stroe,M/Oakham/1990/EXP16/})
(8... Nf6 9. Be3 c5 10. h3 Bd7 11. g4 O-O 12. Nd2 Ne8 13. h4 f5 14. f3 fxg4 15.
fxg4 Nf6 16. h5 gxh5 17. gxh5 h6 18. Rg1 $40 {Chuchelov,V-Carlier,B/Brussels
op/1995/}) 9. O-O Bxf3 $6 {Jetzt sieht dieser Zug unlogisch aus. Warum spielt
Schwarz nicht sofort 8... Lxf3 9.Lxf3 f5 ?} (9... f5 10. exf5 gxf5 11. h3 Bh5
12. c5 Nf6 13. cxd6 cxd6 14. Qa4+ Kf8 15. Rd1 Bf7 $13 {Farago,I-Plachetka,J/
Gausdal PG/1989/}) 10. Bxf3 f5 11. exf5 Nxf5 (11... gxf5 $6 12. Bh5+ Kf8 13. f4
$14) 12. Bg4 {Jetzt steht der Nahziehende vor einer schwierigen Wahl: 1.Wenn
er seinen Springer nach f6 stellt, dann oeffnet Weiss die f-Linie und Schwarz
muß sich um seinen Spriger auf f5 Sorgen machen. 2.Wenn er seinem Springer
nach e7 stellt, dann kann Weiss mit seinem Springer den e4-Punkt fuer "ewig"
besetzen.} Nge7 (12... Nf6 13. f4 $1 $14 {>< f5}) 13. Qb3 $5 {Weiss verliert
mit diesem Zug ein Tempo, aber dafuer schwaeht er den schwarzen Damenfluegel.}
b6 14. Ne4 $1 O-O 15. Be3 $1 {Fuer Weiss ist es wichtiger, den d4-Punkt zu
kontrollieren als das Laeuferpaar zu behalten.} Nxe3 (15... Kh7 $5) 16. Be6+
Kh7 17. fxe3 $1 Ng8 {/\ Nf6 Schwarz will den weissen Springer von e4
vertreiben.} (17... Nf5 18. Qd3 {/\ Rf2,Raf1 >< f5}) 18. Bxg8+ {Natuerlich
gibt Weiss seinen Laeufer fuer den Springer, weil jetzt sein Riesenspringer
die wichtigen Punkte kontrollieren wird.} Kxg8 19. Rxf8+ Qxf8 20. Rf1 Qe7 21.
Qc2 h5 $6 {Dieser "aktive" Zug schwaecht nur die schwarze Stellung weiter.} (
21... Rf8 22. Rxf8+ Qxf8 23. Qf2 $14) 22. Qf2 Rf8 23. Qg3 Rxf1+ 24. Kxf1 Qf7+
25. Ke2 Bh6 $6 (25... Qf5 26. Qf3 $16) 26. Qh3 Qf5 $2 {Schwarz wird jetzt in
einem verloreren Endspiel landen.} (26... Kg7 27. Qc8 $16) 27. Qxf5 gxf5 28.
Nf6+ Kf7 29. Nxh5 Kg6 30. Ng3 Bxe3 $2 {Verkuerzt die Partie.} (30... f4 31.
exf4 exf4 32. Ne4 Kf5 33. Nd2 Ke5 34. Kd3 Kf5 35. Nf3 $18) 31. Kxe3 f4+ 32. Kf3
fxg3 {Hecht: [#] B-B 2 verbundene Freibauern vs 1 gedeckten, Raum, einfacher
Gewinn} 33. Kxg3 Kg5 34. Kf3 Kh4 35. h3 Kg5 36. g3 Kf5 37. g4+ Kg5 38. Kg3 Kh6
39. h4 Kg6 40. g5 Kf5 41. Kf3 {Ribli} (41. Kf3 {Hecht} Kg6 42. Kg4 Kg7 43. h5
Kh7 44. Kf5 Kg7 45. g6 Kg8 46. h6 Kf8 47. h7 Kg7 48. Kg5 Kh8 49. Kh6 e4 50. g7#
) 1-0

[Event "EU-ch 4th"]
[Site "Istanbul"]
[Date "2003.06.02"]
[Round "4"]
[White "Zaja, Ivan"]
[Black "Conquest, Stuart"]
[Result "1-0"]
[WhiteElo "2417"]
[BlackElo "2556"]
[Annotator "Ribli,Z"]
[PlyCount "109"]
[EventDate "2003.05.30"]
[EventType "swiss"]
[EventRounds "13"]
[EventCountry "TUR"]
[SourceTitle "CBM 096"]
[Source "ChessBase"]
[SourceDate "2003.09.25"]
[SourceVersion "1"]
[SourceVersionDate "2003.09.25"]
[SourceQuality "1"]

1. d4 d6 2. c4 e5 3. d5 {Dieser Zug wird relativ selten gespielt -
Alternativen sind die Züge 3.Nc3 und 3.Nf3.} Be7 4. Nc3 a5 {Mit diesem
prophylaktischen Zug bereitet Schwarz das Feld c5 für einen Springer vor, und
verhindert dabei die Möglichkeit b4.} (4... Bg5 5. e3 f5 6. g3 e4 7. Bg2 Nh6 8.
f4 Bf6 9. Nge2 O-O 10. Rb1 c5 11. O-O Na6 12. a3 Bd7 13. Bd2 $14 {0-1 Tyomkin,
D-Kantsler,B/Beersheba 1997/CBM 58 (38)}) 5. g3 {Weiß entwickelt seinen Läufer
auf g2. Ich glaube, die zentrale Strategie mit 5.e4 ist natürlicher.} (5. e4
Na6 (5... Nf6 6. Nf3 Bg4 7. Be2 Bh5 8. O-O Nbd7 9. Be3 Ng4 10. Bd2 Bg6 11. Ne1
Ngf6 12. f3 Nc5 13. Nd3 Nfd7 14. Be3 Bg5 15. Bf2 O-O 16. Kh1 h5 17. Qc2 h4 18.
a3 Nxd3 19. Bxd3 Qf6 20. Qe2 Bh5 21. b4 Rfc8 22. c5 {1/2-1/2 Pelletier,Y-Hort,
V/Zuerich 1999/CBM 73 (38)}) 6. g3 Nf6 7. h4 c6 8. Qe2 O-O 9. Bh3 Qb6 10. Kf1
Nc5 11. Bg5 h6 12. Bxf6 Bxf6 13. Kg2 Be7 14. Bf5 a4 15. Nf3 Qb4 {0-1 Kelecevic,
N-Conquest,S/Liechtenstein 1993/TD (61)}) 5... f5 6. Bg2 Nf6 7. Nf3 O-O 8. O-O
Na6 {Wir haben eine Stellung, die an die Holländische Verteidigung erinnert.}
9. a3 {[%cal Ga1b1,Gb2b4] Weiß bereitet 10.Rb1 und 11.b4 vor.} (9. Rb1 Bd7 10.
b3 (10. a3 $5) 10... Qe8 11. a3 Nc5 12. Be3 Nce4 13. Bd2 $2 Qh5 {0-1 Carneiro,
C-Oratovsky,M/Lisbon 2000/EXT 2001 (20)}) 9... Bd7 (9... Nc5 $142 {[%cal Ga5a4]
} 10. b3 (10. Be3 {Jetzt droht 11.Bxc5 und 12.Nxe5 mit Bauerngewinn und 11.b4
mit Raumgewinn.} Ng4 $5 (10... Nfe4 11. Nxe4 Nxe4 12. Nd2 $11 (12. b4 f4 $36))
11. Bxc5 dxc5 12. h3 e4 13. hxg4 exf3 14. exf3 Bf6 $44) 10... Bd7 11. Rb1 $11 {
Wegen des Raumvorteils im Zentrum hat Weiß etwas bessere Aussichten, aber
diese Variante ist besser für Schwarz als die Partiefortsetzung, da Weiß hier
schon b2-b3 gespielt hat, was ein Tempoverlust ist.}) 10. Rb1 Nc5 11. b4 $11 {
Weiß hat Raumvorteil am Damenflügel, aber mit den Bauern e5 und f5 hat Schwarz
eine starke Zentrumsstellung und gleiche Chancen.} axb4 12. axb4 Nce4 (12...
Na4 13. Qc2 $11) 13. Qb3 Kh8 (13... Nxc3 14. Qxc3 Ne4 15. Qc2 $11) 14. Nd2 (14.
Nxe4 Nxe4 15. Nd2 Nf6 16. f4 e4 17. Bb2 $11) 14... Nxc3 (14... Nxd2 15. Bxd2
Qe8 16. Ra1 $11) 15. Qxc3 Qe8 16. f4 e4 $6 {Der Vorteil des Zuges ist, dass
Schwarz die Diagonale des g2-Läufers schließt, aber gleichzeitig öffnet er die
Diagonale a1-h8 für Weiß.} (16... exf4 17. gxf4 (17. Rxf4 Ng4 $15 {[%cal Gg4e5,
Ge7f6,Gf6c3]}) 17... Ng4 $36 {[%cal Ge7f6,Gf6c3]}) 17. Bb2 $14 {[%cal Gb2h8]
Weiß kontrolliert stark die Diagonale a1-h8.} Qh5 18. Rfe1 c6 19. dxc6 bxc6 (
19... Bxc6 20. Nb3 $14) 20. Nb3 Rg8 21. c5 {[%mdl 32]} d5 (21... Nd5 22. Qd2
$14) 22. Nd4 {[%csl Gd4] Der Springer ist der Stolz der weißen Stellung.
Schwarz muss nun - nach Vorbereitung - mit dem Durchbruch b4-b5 rechnen.} h6
23. Ra1 Kh7 {Schwarz vermeidet die Diagonale a1-h8 und möchte eventuell g7-g5
ziehen.} 24. Rxa8 Rxa8 25. Ra1 Qe8 (25... Rxa1+ 26. Bxa1 $14) 26. Bh3 Rxa1+ (
26... g6 27. Bf1 $14 {[%cal Ge2e3,Gb4b5]}) 27. Bxa1 Qh5 28. Bf1 Ng4 (28... Ne8
29. e3 $14) 29. h3 Nf6 30. Bb2 (30. e3) 30... Qg6 31. Kh2 Nh5 32. Qe1 Qe8 33.
e3 Nf6 34. Be2 Qg6 35. Qd1 Be8 36. Ba6 {[%cal Ga6c8,Gc8f5]} (36. g4 {Dieser
Zug wäre prinzipiell nicht schlecht, aber jetzt ist er zu früh.} fxg4 37. Bxg4
(37. hxg4 Bd7 38. f5 Qg5) 37... Nxg4+ 38. Qxg4 $11) 36... Bd7 37. Be2 Be8 38.
Qa1 {[%csl Ga1][%cal Ga1a8]} Nh5 $6 {[%mdl 16384] Dieser Zug hilft nur dem
Gegner. Es wäre besser für Schwarz seine Wartetaktik weiter zuverfolgen.} (
38... Bd7 $14) 39. g4 $1 fxg4 40. Bxg4 {[%cal Rg4f5,Rf5h7]} (40. hxg4 Nf6 $132)
40... Bd7 $5 41. Qg1 (41. Bxd7 Qg3+ 42. Kh1 Qf2 {[%cal Rh5g3,Rg3h1]} 43. Nf5
Ng3+ 44. Nxg3 Qf3+ 45. Kh2 (45. Kg1 Qxg3+ 46. Kf1 Qf3+ 47. Ke1 Qxe3+ 48. Kd1
Qd3+ $11) 45... Qf2+ $11) 41... Bxg4 42. Qxg4 $16 Qe8 (42... Qxg4 43. hxg4 Nf6
44. Kg3 $18 {[%csl Rc6][%cal Rd4c6]}) 43. Qe6 {[%csl Gb2,Rc6,Gd4,Ge6] Weiß hat
das viel bessere Figurenspiel und der c6P ist nicht zu verteidigen.} (43. Nxc6
$1 Qxc6 44. Qxh5 Qa4 45. Qf5+ Kh8 46. Qg6 Qc2+ 47. Qg2 $18) 43... Nf6 44. Qf5+
(44. Nxc6 Qh5 45. Nd4 Qd1 46. Qf5+ Kh8 (46... g6 47. Qe6 Qd2+ 48. Kh1 Qd1+ 49.
Kg2 Qd2+ 50. Kf1 $18) 47. Qg6 Qd2+ 48. Qg2 Qxb4 49. Ne6 $16) (44. Qxc6 $16)
44... Kh8 45. Ne6 Qg8 46. b5 (46. Be5 $16) 46... cxb5 47. c6 Qe8 48. c7 $18 {
[%csl Gc7] Der c7P entscheidet die Partie.} Kg8 49. Bxf6 (49. Nxg7 Kxg7 50.
c8=Q $18) (49. Ng5 $18) 49... Bxf6 50. Qxd5 Kh8 51. Qd8 (51. Nd8 $18) 51...
Bxd8 52. cxd8=Q Qxd8 53. Nxd8 b4 54. Nf7+ Kg8 55. Nd6 1-0